00567cam a22002051 4500001001300000003000400013005001700017008004100034010001700075035002000092040003900112042001200151050002000163100003400183245004800217260003100265300002700296700002300323999001500346af 47007135 DLC20260227110841.0890605s1943 be f 000 0 dut c aaf 47007135  a(OCoLC)19820454 aCalifornia. Univ. LibrarycCUdDLC apremarc00aPT2647.I33bN431 aWiessalla, Josef,d1898-1945.10aNiemands land.c[Vertaald door Paul Lebeau] aAntwerpen,bDe Eikc[1943] a94 p.bplates.c19 cm.1 aLebeau, Paul,etr. c3853d3853